Welcome to the Holygrace Academy Library

Please use search bar below to get started

ARTHROPODA (Record no. 1399)

MARC details
000 -LEADER
fixed length control field 00345nam a22001457a 4500
020 ## - INTERNATIONAL STANDARD BOOK NUMBER
ISBN 81-7133-802-X
082 ## - DEWEY DECIMAL CLASSIFICATION NUMBER
Classification number 595
Item number KOT/A
100 ## - MAIN ENTRY--AUTHOR NAME
Personal name KOTPAL, R.L
245 ## - TITLE STATEMENT
Title ARTHROPODA
Remainder of title ZOOLOGY PHYLUM
250 ## - EDITION STATEMENT
Edition statement ELEVENTH EDITION
260 ## - PUBLICATION, DISTRIBUTION, ETC. (IMPRINT)
Place of publication MEERUT
Name of publisher RASTOGI PUBLICATIONS
Year of publication 2005
300 ## - PHYSICAL DESCRIPTION
Number of Pages 495
650 ## - SUBJECT ADDED ENTRY--TOPICAL TERM
Topical Term BIOLOGY REFERENCE
Geographic subdivision INDIA
942 ## - ADDED ENTRY ELEMENTS (KOHA)
Koha item type Books
Holdings
Withdrawn status Lost status Collection code Home library Current library Shelving location Date acquired Source of acquisition Cost, normal purchase price Full call number Accession Number Koha item type
    Reference Main Library Main Library SHELF-5 D REFERENCEBIOLOGY 24/10/2006 purchase 90.00 595 KOT/A 03397 Books